• 首页
  • 本馆介绍
  • 公告通知
  • 最新文献
  • 馆藏检索
  • 电子资源
  • 读者导购
  • 参考咨询
  • 我的图书馆
  • 登录
  • 详细信息显示
  • 放入我的书架
  • 预约/预借图书
  • 作者相关作品
  • 分类相关作品
  • 丛书相关作品
  • 出版社相关作品

书目信息

  • 表格格式
  • 工作单格式
  • 卡片格式
题名:
中国经济地理
    
 
作者: 陈敦义 , 胡积善 编著
分册:  
出版信息: 北京   中国展望出版社  1983.3
页数: 404页
开本: 20cm
丛书名:
单 册:
中图分类: F129.9
科图分类:
主题词: 经济--中国
电子资源:
ISBN:
000 00587nam0 2200205 45
001 0404250997
005 20070720104653.64
010    @dCNY1.79
091    @a12271.072
100    @a20040425d1983 km y0chiy0120 ea
101 0  @achi
200 1  @a中国经济地理@AZhong Guo Jing Ji Di Li@f陈敦义,胡积善编著@FChen Dun Yi,Hu Ji Shan Bian Zhu
210    @a北京@c中国展望出版社@d1983.3
215    @a404页@d20cm
606 0  @a经济@x中国
690    @aF129.9@v3
701  0 @a陈敦义@4编著
701  0 @a胡积善@4编著
801    @aCN@bPftUser@c20070720
905    @f2@b172531-532@dF129.9@e35@b175753-755@f3
    
    中国经济地理/陈敦义,胡积善编著.-北京:中国展望出版社,1983.3
    404页;20cm
    
    
    ISBN :CNY1.79
    
●
相关链接 在E读中查询图书 在五车中查询图书 在当当中查询图书 在豆瓣中查询图书


正题名:中国经济地理     索取号:F129.9/35         预约/预借

序号 登录号 条形码 馆藏地/架位号 状态 备注
1 0172531   000201962   密集书库/ [索取号:F129.9/35] 在馆    
2 0172532   000202079   第一借阅区/ [索取号:F129.9/35] 在馆    
3 0172533   000202033   第一样本阅览室/ [索取号:F129.9/35] 在馆    
4 0175753   000201926   密集书库/ [索取号:F129.9/35] 在馆    
5 0175754   000201999   密集书库/ [索取号:F129.9/35] 在馆    
6 0175755   000201953   密集书库/ [索取号:F129.9/35] 在馆    
7 0766403   207664035   密集书库/ [索取号:F129.9/35] 在馆    
唐山师范学院图书馆 欢迎您!
大连网信软件有限公司© 版权所有